[Event "NRW Verbandsklasse Group1 1314"]
[Site "Nordrheinwestfalen"]
[Date "2013.10.13"]
[Round "2"]
[White "Gebauer, Reinhard"]
[Black "Milkert, Sascha"]
[Result "1/2-1/2"]
[WhiteElo "1778"]
[BlackElo "1597"]
[PlyCount "78"]
[EventDate "2013.09.08"]
[EventType "team-tourn"]
[EventRounds "9"]
[EventCountry "GER"]
[SourceTitle "EXT 2020"]
[Source "ChessBase"]
[SourceDate "2019.10.17"]
[SourceVersion "1"]
[SourceVersionDate "2019.10.17"]
[SourceQuality "1"]
[WhiteTeam "Oberhausen SW"]
[BlackTeam "Eichlinghofen SV II"]
[WhiteTeamCountry "GER"]
[BlackTeamCountry "GER"]

1. e4 c5 2. Nf3 Nc6 3. d4 cxd4 4. Nxd4 Nxd4 5. Qxd4 d6 6. c4 Nf6 7. Nc3 g6 8. e5 dxe5 9. Qxe5 Bg7 10. Be2 0-0 11. Qg3 Be6 12. 0-0 Rc8 13. Be3 b6 14. b3 Nh5 15. Bxh5 Bxc3 16. Rad1 Qc7 17. Qxc7 Rxc7 18. Bf3 Be5 19. Bh6 Rfc8 20. Rfe1 Bd6 21. Bd5 Bxd5 22. Rxd5 Rd7 23. Red1 Rcd8 24. g3 f6 25. Be3 Kf7 26. Kf1 e6 27. R5d3 Ke7 28. Ke2 Bc5 29. Rxd7+ Rxd7 30. Rxd7+ Kxd7 31. Bd2 a5 32. f3 e5 33. g4 g5 34. Kd3 Kd6 35. Ke4 Ke6 36. h3 Bb4 37. Be3 Bc5 38. Bc1 Bb4 39. Be3 Bc5 1/2-1/2